| 000 | 00817nas a2200265Ia 4500 | ||
|---|---|---|---|
| 001 | A05/R047-48355 | ||
| 003 | IT-MiCISF | ||
| 008 | 161014c99999999xx |||||||||||| ||und|| | ||
| 040 |
_aIT-MiCISF _cIT-MiCISF |
||
| 041 | _aITALIANO | ||
| 100 | _aColombo Maddalena | ||
| 210 | _aCittadini in crescita | ||
| 222 | _aCittadini in crescita | ||
| 245 | 0 | _aInserimento e integrazione scolastica di bambini e ragazzi di origine straniera | |
| 250 | _a1a ed. | ||
| 260 | _c2010 | ||
| 501 |
_bCISF - Centro Internazionale Studi Famiglia - Via Giotto, 36 20145 MILANO (non commercial uses only) _cCopyright 2016 |
||
| 300 | _app. 22-27 | ||
| 362 | _an. 1 [2010] | ||
| 500 | _a Tema: scuola, bambini-immigrati | ||
| 650 |
_aSCUOLA _varticolo |
||
| 700 | _aAA.VV. | ||
| 942 | _cCR | ||
| 957 | _71 | ||
| 999 |
_a48355 _bSi _g1 _c224548 _d224548 |
||